日本に存在する競艇場(ボートレース場) - Statistics

General Stats
  • This quiz has been taken 227 times
  • The average score is 13 of 24
Answer Stats
Answer % Correct
蒲郡競艇場
71%
平和島競艇場
63%
戸田競艇場
61%
びわこ競艇場
59%
住之江競艇場
59%
尼崎競艇場
59%
宮島競艇場
59%
浜名湖競艇場
58%
下関競艇場
56%
江戸川競艇場
54%
常滑競艇場
53%
津競艇場
53%
鳴門競艇場
52%
福岡競艇場
52%
大村競艇場
51%
桐生競艇場
50%
丸亀競艇場
50%
唐津競艇場
49%
児島競艇場
48%
若松競艇場
48%
芦屋競艇場
48%
多摩川競艇場
47%
徳山競艇場
39%
三国競艇場
37%
No matching quizzes found
Score Distribution
Percent of People with Each Score
Percentile by Number Answered
Your Score History
You have not taken this quiz